Central Library OPAC University of Rajshahi

British towns : (Record no. 35635)

MARC details
000 -LEADER
fixed length control field 00893cam a2200265 a 4500
001 - CONTROL NUMBER
control field 35635
003 - CONTROL NUMBER IDENTIFIER
rucl marc code BD-RjUL
005 - DATE AND TIME OF LATEST TRANSACTION
control field 20211209052345.0
008 - FIXED-LENGTH DATA ELEMENTS--GENERAL INFORMATION
fixed length control field 140528s1961 stkb 000 0 eng u
035 ## - SYSTEM CONTROL NUMBER
System control number (BD-RjUL)35730
040 ## - CATALOGING SOURCE
Original cataloging agency WSU
Modifying agency m.c
-- EQO
Language of cataloging eng
Transcribing agency BD-RjUL
041 ## - LANGUAGE CODE
Language code of text/sound track or separate title eng
082 ## - DEWEY DECIMAL CLASSIFICATION NUMBER
Classification number 309
Author mark and year MOB 1961
090 ## - LOCALLY ASSIGNED LC-TYPE CALL NUMBER (OCLC); LOCAL CALL NUMBER (OCLC)
Classification number (OCLC) (R) ; Classification number, CALL (RLIN) (NR) HN383
Local cutter number (OCLC) ; Book number/undivided call number, CALL (RLIN) .M6
100 1# - MAIN ENTRY--PERSONAL NAME
Personal name Moser, C. A.
Fuller form of name (Claus Adolf),
9 (RLIN) 108491
245 10 - TITLE STATEMENT
Title British towns :
Remainder of title a statistical study of their social and economic differences /
Statement of responsibility, etc. C. A. Moser and Wolf Scott
260 ## - PUBLICATION, DISTRIBUTION, ETC. (IMPRINT)
Place of publication, distribution, etc. Edinburgh :
Name of publisher, distributor, etc. Oliver & Boyd,
Date of publication, distribution, etc. 1961
300 ## - PHYSICAL DESCRIPTION
Pagination xii, 169 p. :
Illustrations tables, maps ;
Size 26 cm.
490 1# - SERIES STATEMENT
Series statement Report / Centre for Urban Studies, University of London ;
Volume/sequential designation no.2
650 #0 - SUBJECT ADDED ENTRY--TOPICAL TERM
Topical term or geographic name as entry element Cities and towns
Geographic subdivision Great Britain
9 (RLIN) 108492
651 #0 - SUBJECT ADDED ENTRY--GEOGRAPHIC NAME
Geographic name Great Britain
General subdivision Social conditions
9 (RLIN) 108493
700 1# - ADDED ENTRY--PERSONAL NAME
Personal name Scott, Wolf.
942 ## - ADDED ENTRY ELEMENTS (KOHA)
Source of classification or shelving scheme Dewey Decimal Classification
Koha item type Books
Holdings
Lost status Source of classification or shelving scheme Damaged status Not for loan Collection code Permanent Location Current Location Shelving location Date acquired Source of acquisition Cost, normal purchase price Total Checkouts Full call number Date last seen Copy number Koha item type
  Dewey Decimal Classification     Non-fiction Central Library, University of Rajshahi Central Library, University of Rajshahi     Zeitlinger 30.00   307.76041 MOB 1961 28/05/2014 C-5 Books
  Dewey Decimal Classification     Non-fiction Central Library, University of Rajshahi Central Library, University of Rajshahi   24/03/1964 Zeitlinger 30.00   307.76041 MOB 1961 28/05/2014 C-3 Books
  Dewey Decimal Classification     Non-fiction Central Library, University of Rajshahi Central Library, University of Rajshahi   12/03/1964 Zeitlinger 30.00   307.76041 MOB 1961 28/05/2014 C-1 Books
  Dewey Decimal Classification     Non-fiction Central Library, University of Rajshahi Central Library, University of Rajshahi   31/03/1964 Zeitlinger 30.00   307.76041 MOB 1961 28/05/2014 C-2 Books
  Dewey Decimal Classification     Non-fiction Central Library, University of Rajshahi Central Library, University of Rajshahi     Zeitlinger 30.00   309.76041 MOB 1961 28/05/2014 C-4 Books